000 00514nam a2200181Ia 4500
003 GCL
008 140319s9999 xx 000 0 ara d
040 _aGCL /
_cGCL
082 0 4 _a258.56
_bا ك
245 1 0 _aكتاب منارات السائرين ومقامات الطائرين
260 _a[S.N] :
_bدار سعاد الصباح ،
_c1993
300 _a73 ص
490 _a
650 0 4 _aالتصوف الاسلامى
650 0 4 _aالتصوف
650 0 4 _aالتصوف - تاريخ
942 _2ddc
_cBK
999 _c35575
_d35575